000 01135nam a2200313 i 4500
003 EG-GICUC
005 20260430122519.0
008 260430s19131321ua ||||fr|||| 00| 0 ara d
040 _a EG-GICUC
_bara
_c EG-GICUC
_d EG-GICUC
_erda
041 _aara
_hara
082 0 4 _221
_a343.81
_bم ح . ت
092 0 4 _221
099 _aLaw1 10 343.81 م ح . ت 1 ed - 1913
100 0 _aمحمود حسن
_eمؤلف.
245 1 2 _aالتحقيق الجنائي العلمى والفنى /
_cتأليف محمود حسن.
250 _aالطبعة الأولى
264 3 _aباب الخلق- القاهرة :
_bمطبعة الواعظ،
_c1913.
300 _a356 صفحة ;
_c24 سم.
336 _2rda content
_atext
337 _2rda media
_aComputer
338 _2rda carrier
_aOnline Resource
504 _aيشتمل على إرجاعات ببليوجرافية.
546 _aالنص باللغة العربية
650 1 _aالقانون الجنائي
650 1 _aالتحقيق الجنائي الفني
856 4 0 _uhttps://fll.law.cu.edu.eg/fulltext/bks/B10-08030.pdf
905 _a43
942 _2ddc
_n0
_cBK
_e21
999 _c74486
_d74486